Datum a čas kvízu
38.5
Celkem bodů
Celkový počet nahraných bodů na tomto kvízu bez doplňovacích otázek.
3.
Pořadí na kvízu
Konečné umístění týmu na tomto kvízu.
Zaznamenané odpovědi
| # | Otázka | Odpověď | Body | Výsledky |
|---|---|---|---|---|
| 1. | Hnutí ANO hrozí pokuta kvůli n... | Pojď do mě! | 0 | |
| 2. | Velká Británie minulý týden de... | po 47 letech (42–52) | 1 | |
| 3. | Letošní ceny Grammy ovládla ml... | Billie Eilish | 1 | |
| 4. | V pátek vstoupilo v platnost o... | zákaz předjíždění pro kamiony | 1 | |
| 5. | Opora pražské Slavie Tomáš Sou... | West Ham United | 1 | |
| 6. | Co všechno může být ztracené?... | Jantarová komnata | 1 | |
| 7. | Vzpomenete si na seriál Ztrace... | B | 0 | |
| 8. | "Ne každé zlato třpytívá se, n... | Bilbo Pytlík | 1 | |
| 9. | V seznamu 100 nejdůležitějších... | Hledání ztraceného času | 0 | |
| 10. | Jako Zázrak v Andách se někdy... | ragby | 1 |